Представление документа в формате RUSMARC

ПолеНазваниеЗначение
  Тип записи a
  Библиографический уровень m
001 Контрольный номер RU/УОНБ/EK/489859523
005 Дата корректировки 20250926083429.4
010 Индекс ISBN __
a ISBN 5-02-029079-3
d Цена 1 р. 20 к.
9 Тираж 1650 экз.
100 Данные общей обработки __
a Данные общей обработки 20150710d1988 u y0rusy0189||||ca
101 Язык документа 0_
a Язык текста rus
102 Страна публикации __
a Страна публикации RU
105 Кодированные данные (монография) __
a Кодированные данные (монография) y z 001yy
200 Заглавие и сведения об ответственности 1_
a Заглавие Система расселения населения
e Сведения, относящиеся к заглавию регион. аспект
f Первые сведения об ответственности Д.Д. Мангатаева
g Последующие сведения об ответственности отв. ред. И.М. Занданов
g Последующие сведения об ответственности Акад. наук СССР, Сиб. отд-ние, Бурят. фил., Отд. соц.- экон. исслед.
210 Выходные данные 1_
a Место издания Новосибирск
c Издательство Наука, Сибирское отд-ние
d Дата издания 1988
215 Физическое описание __
a Объем 77, [2] с.
d Формат 22 см
320 Библиография __
a Библиография Библиогр.: с. 75-78
606 Тематические рубрики 0_
a Основная рубрика Расселение населения
y Географическая подрубрика Бурятская АССР
610 Ключевые слова 0_
a Ключевые слова расселение населения Бурятской АССР
686 Индексы других классификаций __
a Классификационный индекс 60.550.03
2 Код системы rubbk
700 Автор _1
a Фамилия Мангатаева
b Имя (инициалы) Д.Д.
g Полное личное имя Дарима Доржиевна
702 Вторичная интеллектуальная ответственность _1
a Фамилия Занданов
b Имя (инициалы) И.М.
4 Код отношения 340
801 Источник записи _0
a Страна RU
b Организация Ульяновская ОНБ
c Дата составления 20150710
g Правила каталогизации RCR
801 Источник записи _1
a Страна RU
b Организация Ульяновская ОНБ
c Дата составления 20150710
g Правила каталогизации RCR
901 Тип документа __
t Тип документа m
909 Создатель записи __
a Создатель записи Милешина
938 Служебная информация __
a Имя БД retro
b Имя библиотеки УОНБ
c Имя АИБС МАРК-SQL
d Номер DOC_ID в БД 147721